Statystyki dla 15 najbardziej dotkniętych krajów Covid-19 - 13 czerwca

Kliknij tutaj aby rozwiązać quiz!

Ogólne statystyki

  • Ten quiz został rozwiązany 25 razy
  • Średni wynik to 13 z 26

Statystyki odpowiedzi

kraj% Poprawnych
Rosja
96%
Stany Zjednoczone
96%
Francja
91%
Niemcy
87%
Brazylia
83%
Hiszpania
83%
Włochy
83%
Wielka Brytania
78%
Indie
70%
Meksyk
70%
Szwecja
57%
Peru
43%
Turcja
43%
Belgia
39%
Pakistan
39%
Chile
35%
Chile
35%
Iran
35%
Białoruś
30%
Irlandia
22%
Katar
22%
Kuwejt
17%
Bahrajn
13%
Panama
13%
Singapur
13%
Armenia
9%

Rozkład punktacji

Percentyl według liczby udzielonych odpowiedzi

Procent ludzi z każdym wynikiem

Twoja historia wyników

Nie rozwiązałeś tego quizu